• 首页
  • 本馆介绍
  • 公告通知
  • 最新文献
  • 馆藏检索
  • 电子资源
  • 读者导购
  • 参考咨询
  • 我的图书馆
  • 登录
  • 详细信息显示
  • 放入我的书架
  • 预约/预借图书
  • 作者相关作品
  • 分类相关作品
  • 丛书相关作品
  • 出版社相关作品

书目信息

  • 表格格式
  • 工作单格式
  • 卡片格式
题名:
乡土游
    
 
作者: 楼庆西 摄影 ;成砚 撰文
分册:  
出版信息: 北京   清华大学出版社  2006
页数: 198页
开本: 23cm
丛书名: 中国乡土建筑丛书
单 册:
中图分类: TU-881.2 , TU214.4-64
科图分类:
主题词: 乡村--建筑艺术--中国--摄影集 , 建筑设计 , 乡村
电子资源:
ISBN: 7-302-12121-4
000 01056nam0 2200313 450
000 01030nam0 2200301 450
000 00959nam0 2200277 450
000 00923nam0 2200265 45
005 20070603082310.53
010    @a7-302-12121-4@dCNY39.80
100    @a20070521d2006 em y0chiy0120 ea
101 0  @achi
102    @aCN@b110000
105    @aa z 000yy
200 1  @a乡土游@AXiang Tu You@e楼庆西摄影@ELou Qing Xi She Ying@f成砚撰文@FCheng Yan Zhuan Wen
210    @a北京@c清华大学出版社@d2006
215    @a198页@c图@d23cm
225 2  @a中国乡土建筑丛书
330    @a本书精选建筑摄影200余幅,将之分为山水、村口、庙堂、住宅、顽石、门窗、梁架、屋顶、工艺、生活十个部分,反映了中国传统建筑文化的博大精深。
410  0 @12001 @a中国乡土建筑丛书
606 0  @a乡村@x建筑艺术@y中国@x摄影集
606 0  @a建筑设计
606 0  @a乡村
690    @aTU-881.2@v4
690    @aTU214.4-64@v3
701  0 @a楼庆西@ALou Qing Xi@c(1930~)@4摄影
702  0 @a成砚@ACheng Yan@c(女)@4撰文
801  0 @aCN@bTAOJIN@c20070603
905    @a10447@dTU214.4-64@e365
    
    乡土游:楼庆西摄影/成砚撰文.-北京:清华大学出版社,2006
    198页:图;23cm.-(中国乡土建筑丛书)
    
    
    ISBN 7-302-12121-4:CNY39.80
    本书精选建筑摄影200余幅,将之分为山水、村口、庙堂、住宅、顽石、门窗、梁架、屋顶、工艺、生活十个部分,反映了中国传统建筑文化的博大精深。
●
相关链接 在E读中查询图书 在五车中查询图书 在当当中查询图书 在豆瓣中查询图书


正题名:乡土游     索取号:TU214.4-64/365         预约/预借

序号 登录号 条形码 馆藏地/架位号 状态 备注
1 0525480   205254801   第二样本阅览室/ [索取号:TU214.4-64/365] 在馆    
2 0525481   205254810   第三借阅区/ [索取号:TU214.4-64/365] 在馆    
3 0525482   205254829   第三借阅区/ [索取号:TU214.4-64/365] 在馆    
4 0525483   205254838   第三借阅区/ [索取号:TU214.4-64/365] 在馆    
5 0525484   205254847   第三借阅区/ [索取号:TU214.4-64/365] 在馆    
6 0525485   205254856   第三借阅区/ [索取号:TU214.4-64/365] 在馆    
7 0525486   205254865   第三借阅区/ [索取号:TU214.4-64/365] 在馆    
8 0525487   205254874   第三借阅区/ [索取号:TU214.4-64/365] 在馆    
唐山师范学院图书馆 欢迎您!
大连网信软件有限公司© 版权所有